00174nam a2200061Ia 4500008004100000100001700041245005400058120527s9999 xx 000 0 und d aJOHNSON, G.B aStudent study guide to accompany the living World